Hangverseny

Elmentve itt :
Bibliográfiai részletek
Dokumentumtípus: Cikk
Megjelent: 1942-03-31
Sorozat:Délmagyarország 18 No. 73
Kulcsszavak:Déry Pál, Lukács Pál, Zenei élet hangverseny Szeged 1942, Szeged, zeneélet
Online Access:http://dmarchiv.bibl.u-szeged.hu/76184
LEADER 00446nab a2200145 i 4500
001 delm76184
005 20180928084359.0
008 180928s1942 hu o 0|| hun d
040 |a SZTE Délmagyarország Archívum  |b hun 
041 |a hun 
245 0 0 |a Hangverseny  |h [elektronikus dokumentum] 
260 |c 1942-03-31 
300 |a 7 
490 0 |a Délmagyarország  |v 18 No. 73 
695 |a Déry Pál, Lukács Pál, Zenei élet hangverseny Szeged 1942, Szeged, zeneélet